| 000 | 00973cam a22002652 4500 | ||
|---|---|---|---|
| 001 | 0000021140 | ||
| 005 | 20151217145931.0 | ||
| 008 | 120116s xx 000 0 eng d | ||
| 020 | _a0414046412 : | ||
| 040 |
_aKABU _cKABU |
||
| 100 | 1 |
_aFletcher, Ian F. _@0000181852 |
|
| 245 | 1 | 4 |
_aThe Law of insolvency : _bfirst supplement to the fourth edition / _cIan F. Fletcher. |
| 250 | _a1st ed. | ||
| 260 |
_aLondon : _bSweet & Maxwell, _c2011. |
||
| 300 | _axx, 130 p. | ||
| 650 | 0 |
_aBankruptcy _zGreat Britain. _@0000181853 |
|
| 650 | 0 |
_aLiquidation _zGreat Britain. _@0000181854 |
|
| 650 | 0 |
_aCorporate reorganizations. _zGreat Britain. _@0000181855 |
|
| 852 | 1 | _9p12825 KES | |
| 852 | 1 | _9p12825 KES | |
| 852 | 1 | _9p12825 KES | |
| 852 | 1 | _9p12825 KES | |
| 908 | _a120116 | ||
| 950 | _@1 | ||
| 999 |
_c4240 _d4240 |
||